000 00325nam a2200133 i 4500
001 bg
100 1 _aSONNENFELD, Renata
245 0 _aOgraniczenia kompetencji PaƄstw EWG /
_cRenata Sonnenfeld.
260 _aWarszawa,
_c1973.
040 _cBPK
041 _apol
942 _cKS
008 s pl f |000 0 pol
999 _c17420
_d17420
856 _uhttp://koha.tu.koszalin.pl/cgi-bin/koha/opac-detail.pl?biblionumber=17420
_yKatalog online BPK